[Event "Niksic"]
[Site "Niksic YUG"]
[Date "1983.08.24"]
[EventDate "1983.08.24"]
[Round "1"]
[Result "1/2-1/2"]
[White "Ljubojevic, Ljubomir"]
[Black "Tal, Mikhail"]
[WhiteElo "2645"]
[BlackElo "2620"]
[PlyCount "50"]

1.e4 e5 2.Nf3 Nc6 3.Bb5 a6 4.Ba4 Nf6 5.O-O Nxe4 6.d4 b5 7.Bb3
d5 8.dxe5 Be6 9.c3 Bc5 10.Nbd2 O-O 11.Bc2 Bf5 12.Nb3 Bg6
13.Nfd4 Bxd4 14.cxd4 a5 15.Bd3 a4 16.Bxb5 axb3 17.Bxc6 Ra6
18.f3 Rxc6 19.fxe4 bxa2 20.Rxa2 Bxe4 21.b3 Qb8 22.Ba3 Qa7
23.Rff2 Ra8 24.Qd2 Qb8 25.Bc5 Rxa2 1/2-1/2

[Event "Niksic"]
[Site "Niksic YUG"]
[Date "1983.08.24"]
[EventDate "1983.08.24"]
[Round "1"]
[Result "1/2-1/2"]
[White "Portisch, Lajos"]
[Black "Miles, Anthony John"]
[WhiteElo "2600"]
[BlackElo "2595"]
[PlyCount "116"]

1.d4 Nf6 2.c4 e6 3.Nc3 Bb4 4.e3 c5 5.Bd3 Nc6 6.Nf3 Bxc3+
7.bxc3 d6 8.O-O e5 9.Nd2 O-O 10.Nb3 e4 11.Be2 b6 12.Bd2 Ne7
13.Kh1 Nf5 14.Be1 Qe7 15.Nd2 Bb7 16.a4 g6 17.a5 h5 18.axb6
axb6 19.Rxa8 Rxa8 20.Qb1 Ra6 21.Bd1 Qe8 22.d5 Kg7 23.Bc2 Qa8
24.Bxe4 Ra1 25.Qd3 Nxe4 26.Nxe4 b5 27.Nd2 bxc4 28.Qe2 Bxd5
29.e4 Bb7 30.f3 Ne7 31.Bh4 Qa2 32.Rxa1 Qxa1+ 33.Qe1 Qxe1+
34.Bxe1 Ba6 35.Bg3 Nc8 36.e5 d5 37.Bf2 Ne7 38.Bxc5 Nc6 39.f4
d4 40.cxd4 c3 41.Nb3 Bc4 42.Nc1 h4 43.Kg1 Kh6 44.Kf2 Kh5 45.h3
c2 46.g3 hxg3 47.Kxg3 Bd5 48.Ne2 Be4 49.Ba3 Na5 50.Nc3 Bf5
51.d5 Nb3 52.Ne2 Be4 53.d6 Bf5 54.Kf2 Kh4 55.Ke3 Kxh3 56.Nc3
c1=Q+ 57.Bxc1 Nxc1 58.Ne4 Bc8 1/2-1/2

[Event "Niksic"]
[Site "Niksic YUG"]
[Date "1983.08.24"]
[EventDate "1983.08.24"]
[Round "1"]
[Result "1/2-1/2"]
[White "Larsen, Bent"]
[Black "Spassky, Boris"]
[WhiteElo "2565"]
[BlackElo "2605"]
[PlyCount "85"]

1. e4 e5 2. Bc4 Nf6 3. d3 Bc5 4. Nc3 Nc6 5. Bg5 h6 6. Be3 Bb6
7. Qf3 O-O 8. Nge2 d6 9. Bxb6 axb6 10. a3 Be6 11. Bxe6 fxe6
12. Qh3 Qe8 13. O-O Nh5 14. Nb5 Rc8 15. c3 Qg6 16. d4 exd4
17. cxd4 d5 18. exd5 exd5 19. Rae1 Na5 20. Ng3 Nf4 21. Qd7 c6
22. Nc3 Nc4 23. Re7 Nxb2 24. Qxb7 Nbd3 25. Nce2 c5 26. a4 h5
27. h4 cxd4 28. Nxd4 Nxf2 29. Ndf5 Rxf5 30. Qxc8+ Rf8 31. Qc3
N2d3 32. Rf3 Kh7 33. Ree3 Nc5 34. Qe5 Nce6 35. Qb2 d4 36. Re5
Nd3 37. Rxe6 Nxb2 38. Rxg6 Rxf3 39. Rxb6 Rxg3 40. Rxb2 Ra3
41. Rb4 d3 42. Rd4 d2 43. Rxd2 1/2-1/2

[Event "Niksic"]
[Site "Niksic YUG"]
[Date "1983.08.25"]
[EventDate "1983.08.24"]
[Round "2"]
[Result "1/2-1/2"]
[White "Tal, Mikhail"]
[Black "Ivanovic, Bozidar"]
[WhiteElo "2620"]
[BlackElo "2515"]
[PlyCount "35"]

1.c4 c5 2.Nf3 Nc6 3.d4 cxd4 4.Nxd4 Nf6 5.Nc3 e6 6.g3 Qb6 7.Nb3
d5 8.cxd5 Nxd5 9.Bg2 Nxc3 10.bxc3 e5 11.Nd2 Qc7 12.Nc4 Be7
13.Ne3 Be6 14.O-O O-O 15.c4 Bc5 16.Nd5 Qd7 17.Bb2 Rac8 18.Qd3
1/2-1/2

[Event "Niksic"]
[Site "Niksic YUG"]
[Date "1983.08.25"]
[EventDate "1983.08.24"]
[Round "2"]
[Result "1/2-1/2"]
[White "Timman, Jan"]
[Black "Sax, Gyula"]
[WhiteElo "2605"]
[BlackElo "2570"]
[PlyCount "83"]

1.e4 c5 2.Nf3 d6 3.d4 cxd4 4.Nxd4 Nf6 5.Nc3 g6 6.Be3 Bg7 7.f3
Nc6 8.Qd2 O-O 9.O-O-O d5 10.Nxc6 bxc6 11.Bh6 Qa5 12.Bxg7 Kxg7
13.exd5 cxd5 14.g4 e6 15.h4 h5 16.Qf4 Qb6 17.Bd3 e5 18.Qxe5
Re8 19.Qf4 hxg4 20.fxg4 Bxg4 21.Rdf1 Rad8 22.Na4 Qe3+ 23.Qxe3
Rxe3 24.Rf4 Bh3 25.Nc5 Rc8 26.b4 Ne4 27.Nxe4 dxe4 28.Kd2 Bg2
29.Kxe3 Bxh1 30.Bxe4 Bxe4 31.Rxe4 Rxc2 32.a4 Kh6 33.a5 Rc7
34.b5 g5 35.Kd4 f5 36.Re6+ Kh5 37.hxg5 Kxg5 38.b6 axb6 39.axb6
Rc1 40.Re8 Rb1 41.Rb8 Kg4 42.b7 1/2-1/2

[Event "Niksic"]
[Site "Niksic YUG"]
[Date "1983.08.25"]
[EventDate "1983.08.24"]
[Round "2"]
[Result "1/2-1/2"]
[White "Nikolic, Predrag"]
[Black "Larsen, Bent"]
[WhiteElo "2540"]
[BlackElo "2565"]
[PlyCount "123"]

1.d4 e6 2.c4 Bb4+ 3.Bd2 a5 4.e4 d5 5.cxd5 exd5 6.e5 Ne7 7.Nc3
O-O 8.Bd3 Bf5 9.Bg5 Bxd3 10.Qxd3 Nd7 11.Nf3 f6 12.exf6 Nxf6
13.O-O Qd7 14.Rae1 c6 15.a3 Bd6 16.Re2 Qf5 17.Rd1 Rae8 18.h3
Qxd3 19.Rxd3 Ng6 20.Rde3 Rxe3 21. Rxe3 Kf7 22.Re1 h6 23.Bd2
Nd7 24.g3 Ra8 25.h4 Ngf8 26.a4 Ne6 27.Na2 b6 28. Nc1 c5 29.Ne2
Nf6 30.Rc1 Ne4 31.Be3 g5 32.Rd1 Rd8 33.hxg5 hxg5 34.Kg2 Kg6
35.dxc5 Bxc5 36.Nfd4 Nxd4 37.Bxd4 Nf6 38.Nc3 Bxd4 39.Rxd4 Kf5
40.Kf3 Ke5 41.Ke3 Kd6 42.f3 Re8+ 43.Kf2 Kc5 44.Rd1 Rf8 45.Rc1
Kb4 46.Ke3 Kb3 47.Rd1 Kc4 48.Ne2 Re8+ 49.Kf2 Rh8 50.Rc1+ Kd3
51.Rc3+ Kd2 52.Nd4 Rh2+ 53.Kg1 Rh7 54.g4 Nd7 55.Nb3+ Ke2
56.Kg2 Ne5 57.Nd4+ Kd2 58.Nb3+ Kd1 59.Rc1+ Ke2 60. Rc2+ Ke1
61.Rc1+ Ke2 62.Rc2+ 1/2-1/2

[Event "Niksic"]
[Site "Niksic YUG"]
[Date "1983.08.26"]
[EventDate "1983.08.24"]
[Round "3"]
[Result "1/2-1/2"]
[White "Ljubojevic, Ljubomir"]
[Black "Andersson, Ulf"]
[WhiteElo "2645"]
[BlackElo "2640"]
[PlyCount "35"]

1.c4 e6 2.Nc3 c5 3.Nf3 Nf6 4.g3 b6 5.Bg2 Bb7 6.O-O Be7 7.d4
cxd4 8.Qxd4 O-O 9.Rd1 Nc6 10.Qf4 Qb8 11.Qxb8 Raxb8 12.Bf4 Rbc8
13.Ne5 d6 14.Nxc6 Bxc6 15.e4 Rfd8 16.h3 a6 17.a4 a5 18.Rac1
1/2-1/2

[Event "Niksic"]
[Site "Niksic YUG"]
[Date "1983.08.26"]
[EventDate "1983.08.24"]
[Round "3"]
[Result "1/2-1/2"]
[White "Petrosian, Tigran"]
[Black "Gligoric, Svetozar"]
[WhiteElo "2580"]
[BlackElo "2505"]
[PlyCount "88"]

1. d4 Nf6 2. Nf3 e6 3. Bg5 c5 4. e3 d5 5. Nbd2 Be7 6. c3 O-O
7. Bd3 b6 8. Ne5 Bb7 9. f4 Ne4 10. Bxe7 Qxe7 11. O-O f6
12. Nef3 Nd7 13. Qc2 f5 14. Bb5 Ndf6 15. Nxe4 dxe4 16. Ne5 a6
17. Be2 Nd5 18. Qd2 cxd4 19. cxd4 Rac8 20. a3 g5 21. Bc4 Rxc4
22. Nxc4 b5 23. Ne5 gxf4 24. Rxf4 Nxf4 25. exf4 Rc8 26. Rc1
Rxc1+ 27. Qxc1 Qh4 28. h3 Qd8 29. Qc3 Kf8 30. Kf1 Qc8 31. Qc5+
Ke8 32. g4 fxg4 33. Qxc8+ Bxc8 34. hxg4 Ke7 35. Ke2 h6 36. Ke3
Bb7 37. Ng6+ Kf6 38. Nh4 a5 39. b4 axb4 40. axb4 Bd5 41. Kf2
Bc6 42. Kg3 e3 43. Ng2 e2 44. Ne1 Be8 1/2-1/2

[Event "Niksic"]
[Site "Niksic YUG"]
[Date "1983.08.26"]
[EventDate "1983.08.24"]
[Round "3"]
[Result "1/2-1/2"]
[White "Portisch, Lajos"]
[Black "Timman, Jan"]
[WhiteElo "2600"]
[BlackElo "2605"]
[PlyCount "104"]

1.d4 Nf6 2.c4 e6 3.g3 Bb4+ 4.Bd2 a5 5.Bg2 d5 6.Qc2 Nc6 7.Nf3
dxc4 8.Qxc4 Qd5 9.Qd3 Qe4 10.Qxe4 Nxe4 11.a3 Nxd2 12.Nbxd2 Be7
13.Rc1 a4 14.Nc4 Bd8 15.O-O O-O 16.Rfd1 Na5 17.Nxa5 Rxa5
18.Ne5 c6 19.Nc4 Ra7 20.Kf1 Bc7 21.Ne5 Ra5 22.Nd3 Rd8 23.e3
Bd6 24.Ke1 f6 25.Nc5 Re8 26.Rc4 Bxc5 27.Rxc5 Rxc5 28.dxc5 e5
29.Kd2 Bg4 30.f3 Bh5 31.g4 Rd8+ 32.Ke1 Rxd1+ 33.Kxd1 Bf7
34.Kd2 Kf8 35.Bf1 h5 36.gxh5 Bxh5 37.f4 exf4 38.exf4 Ke7
39.Bh3 Bf7 40.Bc8 Bc4 41.Kc3 Be2 42.h4 Kd8 43.Bf5 Bd1 44.Bd3
Kc7 45.Bc2 Bxc2 46.Kxc2 f5 47.h5 Kd7 48.Kc3 Ke6 49.Kc4 Kf6
50.Kb4 Ke6 51.Kc4 Kf6 52.Kb4 Ke6 1/2-1/2

[Event "Niksic"]
[Site "Niksic YUG"]
[Date "1983.08.26"]
[EventDate "1983.08.24"]
[Round "3"]
[Result "1/2-1/2"]
[White "Larsen, Bent"]
[Black "Tal, Mikhail"]
[WhiteElo "2565"]
[BlackElo "2620"]
[PlyCount "176"]

1.Nf3 Nf6 2.c4 e6 3.g3 d5 4.b3 c5 5.Bg2 Nc6 6.cxd5 exd5 7.O-O
d4 8.e3 Be7 9.Na3 O-O 10.Bb2 Bg4 11.h3 Bf5 12.exd4 cxd4 13.Re1
Qd7 14.Nc4 Be4 15.d3 Bxf3 16.Qxf3 Bb4 17.Ne5 Nxe5 18.Rxe5 Bc3
19.Bxc3 dxc3 20.Qxb7 Qd4 21.Re2 Rfe8 22.Rc1 Rxe2 23.Qxa8+ Ne8
24.Qf3 Rxa2 25.Qe3 Qxe3 26.fxe3 Re2 27.Rxc3 Rxe3 28.Rc8 f5
29.Ra8 Kf7 30.Rxa7+ Kf6 31.Rd7 Ke6 32.Kf2 Re5 33.Rb7 Rc5
34.Ke3 Nc7 35.Kd2 Kd6 36.b4 Re5 37.Rb6+ Ke7 38.d4 Rb5 39.Rc6
Kd7 40.Kc3 f4 41.gxf4 Rf5 42.Rc5 Rxf4 43.b5 Rf6 44.Kc4 g6
45.h4 h6 46.Be4 Ne6 47.Re5 Nc7 48.h5 gxh5 49.Rxh5 Kc8 50.Re5
Kb8 51.d5 Rb6 52.Re7 Nxb5 53.Kc5 Nd6 54.Rh7 Nc8 55.Bf5 Rb7
56.Rh8 Rc7+ 57.Kd4 Kb7 58.Rxh6 Ne7 59.Be4 Rd7 60.Kc5 Nxd5
61.Bxd5+ Kc7 62.Ra6 Kd8 63.Be6 Rc7+ 64.Kd6 Rd7+ 65.Ke5 Rb7
66.Bd5 Re7+ 67.Kf6 Re1 68.Ra7 Kc8 69.Rg7 Re2 70.Kf5 Kd8 71.Be4
Re1 72.Rh7 Re2 73.Ke5 Ke8 74.Ra7 Re1 75.Kd4 Kf8 76.Rb7 Re2
77.Kd5 Re1 78.Bf5 Re7 79.Rb1 Kg7 80.Be6 Ra7 81.Rg1+ Kf6
82.Rf1+ Kg6 83.Ke5 Ra5+ 84.Bd5 Kg5 85.Rg1+ Kh5 86.Ke4 Kh6
87.Rg2 Rb5 88.Ke5 Kh5 1/2-1/2

[Event "Niksic"]
[Site "Niksic YUG"]
[Date "1983.08.28"]
[EventDate "1983.08.24"]
[Round "4"]
[Result "1-0"]
[White "Miles, Anthony John"]
[Black "Larsen, Bent"]
[WhiteElo "2595"]
[BlackElo "2565"]
[PlyCount "151"]

1.d4 e6 2.c4 f5 3.g3 Nf6 4.Bg2 Bb4+ 5.Bd2 Be7 6.Nc3 d5 7.cxd5
exd5 8.Bg5 c6 9.Bxf6 Bxf6 10.e3 a5 11.Nge2 Nd7 12.Nf4 Nb6
13.Nh5 O-O 14.Nxf6+ Rxf6 15.b3 Qe7 16.O-O g5 17.Qd2 a4 18.Rab1
Rf8 19.Rfe1 Kh8 20.Ne2 Nd7 21.Nc1 Nf6 22.Nd3 Ne4 23.Qc2 axb3
24.axb3 Be6 25.Ra1 Kg7 26.Qb2 h5 27.Rxa8 Rxa8 28.Ra1 Qf8
29.Nc5 Rxa1+ 30.Qxa1 Nxc5 31.dxc5 Qf6 32.Qxf6+ Kxf6 33.f4 g4
34.b4 Ke7 35.Kf2 Bc8 36.Ke1 Be6 37.Kd2 Bc8 38.Kc3 Bd7 39.Bf1
Bc8 40.Bd3 Bd7 41.Be2 Bc8 42.b5 Ke6 43.Kb4 Kd7 44.Bf1 Kd8
45.Bd3 Bd7 46.bxc6 bxc6 47.Ba6 Be6 48.Kc3 Ke7 49.Kd4 Kf6
50.Kd3 Kf7 51.Kc2 Ke8 52.Kd2 Kf8 53.Bb7 Bd7 54.Kd3 Kf7 55.Ba8
Be8 56.Kd2 h4 57.gxh4 Kg6 58.Ke2 Kh5 59.Kf2 Kxh4 60.Kg2 Bd7
61.Bb7 Kh5 62.Kg3 Kg6 63.Kh4 Kh6 64.Ba6 Be6 65.Bd3 Kg6 66.Be2
Bd7 67.Kg3 Kf6 68.h3 gxh3 69.Kxh3 Bc8 70.Kh4 Be6 71.Kh5 Bf7+
72.Kh6 d4 73.exd4 Bd5 74.Bf1 Be4 75.Bc4 Bg2 76.Kh7 1-0

[Event "Niksic"]
[Site "Niksic YUG"]
[Date "1983.08.28"]
[EventDate "1983.08.24"]
[Round "4"]
[Result "1/2-1/2"]
[White "Tal, Mikhail"]
[Black "Spassky, Boris"]
[WhiteElo "2620"]
[BlackElo "2605"]
[PlyCount "36"]

1. e4 e5 2. Nf3 Nc6 3. Bb5 a6 4. Ba4 Nf6 5. O-O Be7 6. Re1 b5
7. Bb3 d6 8. c3 O-O 9. h3 Nb8 10. d4 Nbd7 11. Nbd2 Bb7 12. Bc2
Re8 13. Nf1 d5 14. Ng3 Nxe4 15. Nxe4 dxe4 16. Nxe5 Nxe5
17. dxe5 Bc5 18. Qxd8 Raxd8 1/2-1/2

[Event "Niksic"]
[Site "Niksic YUG"]
[Date "1983.08.29"]
[EventDate "1983.08.24"]
[Round "5"]
[Result "1-0"]
[White "Larsen, Bent"]
[Black "Andersson, Ulf"]
[WhiteElo "2565"]
[BlackElo "2640"]
[PlyCount "105"]

1.c4 Nf6 2.b3 b6 3.Bb2 e6 4.Nf3 Bb7 5.e3 c5 6.Be2 Be7 7.O-O
O-O 8.d4 cxd4 9.Nxd4 d5 10.cxd5 Nxd5 11.Nc3 Nd7 12.Nxd5 Bxd5
13.Rc1 a5 14.Bf3 Nc5 15.Nc6 Bxc6 16.Bxc6 Rc8 17.Bb5 Bf6 18.Ba3
Qc7 19.Rc4 Rfd8 20.Qc2 Rd5 21.b4 axb4 22.Bxb4 Rcd8 23.a4 Qa7
24.Bc6 R5d6 25.Bf3 R6d7 26.Bc6 Rd6 27.Bb5 Rd5 28.h3 Nd3 29.Bc3
Bxc3 30.Qxc3 Nc5 31.Rg4 g6 32.Qf6 Qc7 33.Rc4 Qd6 34.Rf4 Qf8
35.Kh2 R8d6 36.Rb4 Rd2 37.Qf4 Rd8 38.Rc4 Nd3 39.Qg3 Nc5 40.Rb1
R2d5 41.Bc6 R5d6 42.Rxb6 Nd7 43.Rb1 Rc8 44.Rbc1 Nf6 45.Qe5 Qe7
46.R4c2 Rcd8 47.Bf3 h5 48.a5 Kh7 49.Rc7 R8d7 50.Rxd7 Nxd7
51.Qc3 Nf6 52.Qb4 Qd8 53.Rc8 1-0

[Event "Niksic"]
[Site "Niksic YUG"]
[Date "1983.08.29"]
[EventDate "1983.08.24"]
[Round "5"]
[Result "0-1"]
[White "Ljubojevic, Ljubomir"]
[Black "Kasparov, Garry"]
[WhiteElo "2645"]
[BlackElo "2690"]
[PlyCount "50"]

1.e4 c5 2.Nf3 e6 3.d3 Nc6 4.g3 d5 5.Nbd2 g6 6.Bg2 Bg7 7.O-O
Nge7 8.Re1 b6 9.h4 h6 10.c3 a5 11.a4 Ra7 12.Nb3 d4 13.cxd4
cxd4 14.Bd2 e5 15.Nc1 Be6 16.Re2 O-O 17.Be1 f5 18.Nd2 f4 19.f3
fxg3 20.Bxg3 g5 21.hxg5 Ng6 22.gxh6 Bxh6 23.Nf1 Rg7 24.Rf2 Be3
25.b3 Nf4 0-1

[Event "Niksic"]
[Site "Niksic YUG"]
[Date "1983.08.29"]
[EventDate "1983.08.24"]
[Round "5"]
[Result "1/2-1/2"]
[White "Spassky, Boris"]
[Black "Miles, Anthony John"]
[WhiteElo "2605"]
[BlackElo "2595"]
[PlyCount "77"]

1.d4 Nf6 2.Nf3 b6 3.Nc3 Bb7 4.Bg5 e6 5.e4 h6 6.Bxf6 Qxf6 7.Bd3
Bb4 8.O-O Bxc3 9.bxc3 d6 10.Nd2 e5 11.f4 exf4 12.g3 g5 13.a4
Nc6 14.Qe2 O-O-O 15.a5 Nxa5 16.Ba6 Bxa6 17.Qxa6+ Kd7 18.Nc4
Nxc4 19.Qb5+ Ke7 20.Qxc4 Qe6 21.Qxc7+ Rd7 22.Qc6 h5 23.gxf4
gxf4 24.Rxf4 Rg8+ 25.Kh1 Rg4 26.Raf1 Rxf4 27.Rxf4 h4 28.Qb5 h3
29.Qg5+ Ke8 30.Qg8+ Ke7 31.Qg5+ Ke8 32.Rh4 Re7 33.Qb5+ Kd8
34.Qc6 Re8 35.Qa8+ Qc8 36.Qxa7 Qxc3 37.Qxb6+ Kd7 38.Qb7+ Kd8
39.Qb8+ 1/2-1/2

[Event "Niksic"]
[Site "Niksic YUG"]
[Date "1983.08.29"]
[EventDate "1983.08.24"]
[Round "5"]
[Result "1/2-1/2"]
[White "Portisch, Lajos"]
[Black "Gligoric, Svetozar"]
[WhiteElo "2600"]
[BlackElo "2505"]
[PlyCount "84"]

1.d4 Nf6 2.c4 e6 3.Nc3 Bb4 4.e3 c5 5.Nf3 Nc6 6.Be2 d5 7.O-O
O-O 8.cxd5 exd5 9.dxc5 Bxc5 10.b3 a6 11.Bb2 Qd6 12.Rc1 Rd8
13.Qc2 Ba7 14.Rfd1 Qe7 15.Rd2 h6 16.Qd1 Be6 17.Na4 Ne4 18.Rdc2
Bf5 19.Nd4 Bxd4 20.Bxd4 Ng5 21.Rd2 Ne4 22.Rb2 Re8 23.Bb6 Be6
24.f3 Nf6 25.Bc5 Qc7 26.Nb6 Rad8 27.Rd2 Qe5 28.Kh1 Qg5 29.b4
h5 30.a4 h4 31.b5 axb5 32.axb5 Ne7 33.f4 Qg6 34.Bf3 Bg4
35.Bxe7 Bxf3 36.Qxf3 Rxe7 37.Nxd5 Nxd5 38.Rxd5 Rde8 39.Re5
Rxe5 40.fxe5 Rxe5 41.Qxb7 Rxe3 42.b6 Rb3 1/2-1/2

[Event "Niksic"]
[Site "Niksic YUG"]
[Date "1983.08.29"]
[EventDate "1983.08.24"]
[Round "5"]
[Result "1/2-1/2"]
[White "Ivanovic, Bozidar"]
[Black "Timman, Jan"]
[WhiteElo "2515"]
[BlackElo "2605"]
[PlyCount "95"]

1.e4 d6 2.d4 Nf6 3.Nc3 g6 4.Bg5 Bg7 5.h3 O-O 6.Nf3 c6 7.Qd2 b5
8.Bd3 Nbd7 9.O-O Qc7 10.Rfe1 e5 11.Bf1 Re8 12.dxe5 dxe5 13.a4
b4 14.Na2 a5 15.Qe3 Nh5 16.Nc1 Nf4 17.Nd3 Ne6 18.Bh6 Bxh6
19.Qxh6 c5 20.c3 c4 21.Nc1 bxc3 22.bxc3 Nb6 23.Ne2 Rb8 24.Ng3
Nf4 25.Reb1 f6 26.Ne2 Nd3 27.Qe3 Bd7 28.Nd2 Nc5 29.h4 Be6
30.Nc1 Ncxa4 31.Be2 Red8 32.h5 Kg7 33.Nf1 Ra8 34.hxg6 hxg6
35.g4 Rh8 36.Ng3 Nc5 37.g5 Nb3 38.gxf6 Kxf6 39.Ra3 a4 40.Na2
Rad8 41.Nb4 Rd6 42.Nd5+ Nxd5 43.exd5 Bxd5 44.Rxa4 Qc5 45.Bxc4
Qxe3 46.fxe3 Nd2 47.Bxd5 Rxd5 48.Rb6+ 1/2-1/2

[Event "Niksic"]
[Site "Niksic YUG"]
[Date "1983.08.30"]
[EventDate "1983.08.24"]
[Round "6"]
[Result "1/2-1/2"]
[White "Andersson, Ulf"]
[Black "Spassky, Boris"]
[WhiteElo "2640"]
[BlackElo "2605"]
[PlyCount "43"]

1.d4 Nf6 2.Nf3 d5 3.c4 e6 4.Bg5 Be7 5.Nc3 h6 6.Bxf6 Bxf6 7.e3
O-O 8.Rc1 c6 9.Bd3 Nd7 10.O-O dxc4 11.Bxc4 e5 12.Ne4 exd4
13.Nxf6+ Nxf6 14.Qxd4 Qxd4 15.Nxd4 Re8 16.Rfd1 Bd7 17.Kf1 Kf8
18.a3 Re5 19.Be2 a5 20.Nf3 Rd5 21.Rxd5 Nxd5 22.Ne5 1/2-1/2

[Event "Niksic"]
[Site "Niksic YUG"]
[Date "1983.08.30"]
[EventDate "1983.08.24"]
[Round "6"]
[Result "1-0"]
[White "Kasparov, Garry"]
[Black "Ivanovic, Bozidar"]
[WhiteElo "2690"]
[BlackElo "2515"]
[PlyCount "51"]

1.d4 Nf6 2.c4 e6 3.Nc3 Bb4 4.e3 c5 5.a3 Bxc3+ 6.bxc3 O-O 7.Bd3
d5 8.cxd5 exd5 9.Ne2 b6 10.f3 Re8 11.O-O Ba6 12.Ng3 Bxd3
13.Qxd3 Nc6 14.Bb2 c4 15.Qd2 Qd7 16.Rae1 h5 17.e4 g6 18.Bc1
Nh7 19.Qh6 Re6 20.f4 Ne7 21.f5 gxf5 22.Qxh5 dxe4 23.Nxf5 Nxf5
24.Rxf5 Rae8 25.Re3 Rd6 26.Rg3+ 1-0

[Event "Niksic"]
[Site "Niksic YUG"]
[Date "1983.08.30"]
[EventDate "1983.08.24"]
[Round "6"]
[Result "1/2-1/2"]
[White "Gligoric, Svetozar"]
[Black "Ljubojevic, Ljubomir"]
[WhiteElo "2505"]
[BlackElo "2645"]
[PlyCount "79"]

1.d4 Nf6 2.c4 e6 3.Nf3 b6 4.g3 Ba6 5.b3 Bb4+ 6.Bd2 Be7 7.Bg2
c6 8.Bc3 d5 9.Nbd2 Nbd7 10.O-O O-O 11.Qc2 c5 12.Rfd1 Rc8
13.Rac1 cxd4 14.Nxd4 e5 15.Nf5 Ba3 16.Bb2 Bc5 17.e3 g6 18.Nh4
Qe7 19.a3 Bd6 20.b4 Bxc4 21.Nxc4 Rxc4 22.Qa4 Nc5 23.Qb5 Rxc1
24.Rxc1 Ne6 25.Nf3 e4 26.Nd2 Nc7 27.Qc6 Rd8 28.Qc3 Nce8 29.Bh3
h5 30.Nb3 Qf8 31.Qc6 Qh6 32.Qb7 h4 33.Kg2 Qg5 34.Rc8 hxg3
35.hxg3 Rxc8 36.Qxc8 Be5 37.Nd4 Kf8 38.Qb7 Bxg3 39.fxg3 Qxe3
40.Qa6 1/2-1/2

[Event "Niksic"]
[Site "Niksic YUG"]
[Date "1983.08.30"]
[EventDate "1983.08.24"]
[Round "6"]
[Result "1/2-1/2"]
[White "Miles, Anthony John"]
[Black "Nikolic, Predrag"]
[WhiteElo "2595"]
[BlackElo "2540"]
[PlyCount "121"]

1.c4 e5 2.Nc3 Nc6 3.e3 Nf6 4.Nf3 Be7 5.a3 O-O 6.b4 e4 7.Ng5 a5
8.b5 Ne5 9.Ngxe4 Nxe4 10.Nxe4 d5 11.cxd5 Qxd5 12.Nc3 Nd3+
13.Bxd3 Qxd3 14.Qe2 Qc2 15.O-O Be6 16.Rb1 Rfd8 17.Rd1 a4
18.Bb2 Bb3 19.Qf3 Qg6 20.Re1 Rxd2 21.Qxb7 Rf8 22.Qxc7 Bd6
23.Qc6 Qh5 24.h3 Qf5 25.Ne4 Rxb2 26.Rxb2 Bxa3 27.Ng3 Qd3
28.Rbb1 Rb8 29.b6 Qa6 30.Nf5 Qxb6 31.Qxb6 Rxb6 32.Nd4 g6
33.Red1 Bf8 34.Rdc1 Rb8 35.Rc3 Bg7 36.Rc4 Bxd4 37.Rxd4 Rc8
38.g4 a3 39.Ra1 a2 40.Rb4 Be6 41.Kg2 Rc5 42.h4 h6 43.Kg3 Kg7
44.Rb6 Ra5 45.Kf4 g5 46.hxg5 hxg5 47.Kg3 Ra3 48.Rb4 Kf6 49.Kf3
Bd5+ 50.Ke2 Be6 51.Kd2 Ra8 52.Kc3 Rh8 53.Kb2 Rh2 54.Rf1 Rg2
55.Ka1 Kg6 56.Ra4 Bb3 57.Ra6+ Kg7 58.Ra3 Bc4 59.Rc1 Be6 60.f3
Rf2 61.e4 1/2-1/2

[Event "Niksic"]
[Site "Niksic YUG"]
[Date "1983.08.30"]
[EventDate "1983.08.24"]
[Round "6"]
[Result "0-1"]
[White "Timman, Jan"]
[Black "Larsen, Bent"]
[WhiteElo "2605"]
[BlackElo "2565"]
[PlyCount "84"]

1.Nf3 d5 2.d4 Nf6 3.c4 e6 4.Nc3 Be7 5.Bg5 Nbd7 6.e3 h6 7.Bh4
O-O 8.Rc1 a6 9.c5 c6 10.Bd3 Re8 11.O-O e5 12.Nxe5 Nxe5 13.dxe5
Ng4 14.Bg3 Bxc5 15.Be2 Nxe5 16.Nxd5 Bf8 17.Nc3 Qb6 18.Qc2 a5
19.Rfd1 Bg4 20.Na4 Qa7 21.Bxe5 Bxe2 22.Qxe2 Rxe5 23.Rd7 Rae8
24.Rcd1 R5e7 25.g3 Rxd7 26.Rxd7 Re7 27.Qd3 Rxd7 28.Qxd7 Qa6
29.Qc7 Qb5 30.b3 Qe2 31.Qxa5 Qxa2 32.Qb6 Qb1+ 33.Kg2 Qe4+
34.f3 Qc2+ 35.Kh3 Qf2 36.Qxb7 Qxf3 37.Nb6 Qf1+ 38.Kh4 g5
39.Kg4 Qe2+ 40.Kh3 Qf1+ 41.Kg4 Qe2+ 42.Kh3 h5 0-1

[Event "Niksic"]
[Site "Niksic YUG"]
[Date "1983.08.31"]
[EventDate "1983.08.24"]
[Round "7"]
[Result "0-1"]
[White "Nikolic, Predrag"]
[Black "Andersson, Ulf"]
[WhiteElo "2540"]
[BlackElo "2640"]
[PlyCount "77"]

1.d4 Nf6 2.c4 e6 3.Nf3 Bb4+ 4.Bd2 Bxd2+ 5.Qxd2 O-O 6.Nc3 d5
7.e3 Qe7 8.Rc1 Rd8 9.Qc2 dxc4 10.Bxc4 c5 11.O-O Nc6 12.dxc5
Qxc5 13.Ne4 Qe7 14.a3 Bd7 15.Bd3 h6 16.b4 Rac8 17.Qb2 Be8
18.Bb1 Nxe4 19.Bxe4 Qf6 20.Qxf6 gxf6 21.h3 f5 22.Bxc6 Bxc6
23.Nd4 Bd7 24.f4 Kf8 25.Kf2 Ke7 26.Rfd1 f6 27.Nb3 b6 28.Nd4
Rg8 29.b5 Rc5 30.a4 Rgc8 31.Rxc5 Rxc5 32.Ke2 e5 33.Nf3 Be6
34.Ra1 Kd6 35.Ra3 Bd5 36.Kd2 Be4 37.Rc3 exf4 38.Ne1 Rxc3
39.Kxc3 0-1

[Event "Niksic"]
[Site "Niksic YUG"]
[Date "1983.08.31"]
[EventDate "1983.08.24"]
[Round "7"]
[Result "1/2-1/2"]
[White "Spassky, Boris"]
[Black "Timman, Jan"]
[WhiteElo "2605"]
[BlackElo "2605"]
[PlyCount "23"]

1. Nf3 c5 2. e4 Nc6 3. d4 cxd4 4. Nxd4 Nf6 5. Nc3 d6 6. Be2 e5
7. Nb3 Be7 8. O-O O-O 9. Be3 Be6 10. f4 exf4 11. Rxf4 d5
12. exd5 1/2-1/2

[Event "Niksic"]
[Site "Niksic YUG"]
[Date "1983.08.31"]
[EventDate "1983.08.24"]
[Round "7"]
[Result "1/2-1/2"]
[White "Ivanovic, Bozidar"]
[Black "Gligoric, Svetozar"]
[WhiteElo "2515"]
[BlackElo "2505"]
[PlyCount "33"]

1.e4 e5 2.Nf3 Nc6 3.Bb5 a6 4.Ba4 Nf6 5.O-O Be7 6.Re1 b5 7.Bb3
d6 8.Nc3 O-O 9.a4 b4 10.Nd5 Rb8 11.c3 bxc3 12.bxc3 Na5
13.Nxf6+ Bxf6 14.Ba2 Bg4 15.h3 Bxf3 16.Qxf3 Nb3 17.Bxb3
1/2-1/2

[Event "Niksic"]
[Site "Niksic YUG"]
[Date "1983.09.03"]
[EventDate "1983.08.24"]
[Round "8"]
[Result "1/2-1/2"]
[White "Andersson, Ulf"]
[Black "Tal, Mikhail"]
[WhiteElo "2640"]
[BlackElo "2620"]
[PlyCount "74"]

1.Nf3 d5 2.d4 Nf6 3.c4 e6 4.g3 dxc4 5.Qa4+ Nbd7 6.Bg2 a6 7.Nc3
Be7 8.Ne5 c5 9.dxc5 Bxc5 10.Nxc4 O-O 11.O-O Rb8 12.Qd1 b5
13.Nd6 Qe7 14.Bf4 e5 15.Nxc8 Rbxc8 16.Bg5 h6 17.Nd5 Qe6
18.Bxf6 Nxf6 19.Nxf6+ Qxf6 20.e3 Rfd8 21.Qb3 h5 22.Rac1 Be7
23.Bd5 Rc5 24.Rxc5 Bxc5 25.Rc1 Be7 26.Rc7 Kf8 27.e4 h4 28.Kf1
Rd6 29.Qe3 hxg3 30.hxg3 Qh6 31.Rc8+ Rd8 32.Qf3 Qf6 33.Qxf6
gxf6 34.Rc7 f5 35.Ke2 fxe4 36.Bxe4 Bg5 37.Rc2 Ke7 1/2-1/2

[Event "Niksic"]
[Site "Niksic YUG"]
[Date "1983.09.03"]
[EventDate "1983.08.24"]
[Round "8"]
[Result "1-0"]
[White "Petrosian, Tigran"]
[Black "Ljubojevic, Ljubomir"]
[WhiteElo "2580"]
[BlackElo "2645"]
[PlyCount "55"]

1. d4 Nf6 2. c4 e6 3. Nc3 Bb4 4. e3 O-O 5. Bd3 d5 6. Ne2 c5
7. O-O Nc6 8. cxd5 exd5 9. a3 Bxc3 10. bxc3 Re8 11. f3 Bd7
12. Ng3 Qa5 13. Qd2 Qa4 14. Rb1 Na5 15. Bc2 Qc4 16. Bd3 Qa4
17. e4 dxe4 18. fxe4 cxd4 19. Rb4 Qc6 20. cxd4 Nxe4 21. Nxe4
Rxe4 22. Qf2 f5 23. d5 Qxd5 24. Bxe4 fxe4 25. Rd4 Qe6 26. Rxe4
Qg6 27. Re7 Bb5 28. Qf7+ 1-0

[Event "Niksic"]
[Site "Niksic YUG"]
[Date "1983.09.03"]
[EventDate "1983.08.24"]
[Round "8"]
[Result "0-1"]
[White "Sax, Gyula"]
[Black "Portisch, Lajos"]
[WhiteElo "2570"]
[BlackElo "2600"]
[PlyCount "92"]

1.e4 c5 2.Nf3 d6 3.d4 cxd4 4.Nxd4 Nf6 5.Nc3 a6 6.Be3 e6 7.Qd2
b5 8.f3 Bb7 9.g4 Nc6 10.Nxc6 Bxc6 11.O-O-O Be7 12.Ne2 Rc8
13.Nd4 Bb7 14.h4 Nd7 15.g5 Ne5 16.Rh2 d5 17.Bf4 Nc4 18.Qe1 O-O
19.exd5 Bxd5 20.Kb1 Bd6 21.Bxd6 Qxd6 22.Rg2 Qf4 23.Rg4 Qe5
24.Bxc4 Qxe1 25.Rxe1 Rxc4 26.b3 Rc3 27.Kb2 Rfc8 28.Rg2 g6
29.a3 Kg7 30.Rf2 h6 31.Re5 R3c7 32.f4 hxg5 33.Rxg5 f6 34.Rg3
Kf7 35.Re3 Rh8 36.Rfe2 Re7 37.f5 gxf5 38.Nxf5 Rd7 39.Nd4 e5
40.Nf5 Be6 41.Rf2 Bxf5 42.Rxf5 Kg6 43.Rf2 Rxh4 44.Rg3+ Kf7
45.Rc3 Rhd4 46.Rc6 R4d6 0-1

[Event "Niksic"]
[Site "Niksic YUG"]
[Date "1983.09.03"]
[EventDate "1983.08.24"]
[Round "8"]
[Result "1/2-1/2"]
[White "Timman, Jan"]
[Black "Nikolic, Predrag"]
[WhiteElo "2605"]
[BlackElo "2540"]
[PlyCount "55"]

1.d4 d5 2.c4 c6 3.Nc3 e6 4.Nf3 f5 5.Bf4 Nf6 6.e3 Be7 7.Bd3 O-O
8.Ne5 Nbd7 9.O-O Nxe5 10.Bxe5 Ng4 11.Bf4 g5 12.Bg3 Bd6 13.Bxd6
Qxd6 14.g3 e5 15.Be2 dxc4 16.h3 Nf6 17.Bxc4+ Kg7 18.dxe5 Qxe5
19.Qd4 Qxd4 20.exd4 f4 21.g4 Bd7 22.Rfe1 Rfe8 23.Re5 h6
24.Rae1 Kf8 25.Bd3 Kf7 26.Bc4+ Kf8 27.Bd3 Kf7 28.Bc4+ 1/2-1/2